00250nam a2200109Ia 4500008004100000100002500041245002000066260001800086650001200104942000700116999001700123190216s9999||||xx |||||||||||||| ||und|| aSaba Sona M Basdheer 0aNaveena Nadakam bCurrent Books aNadakam cBK c26225d26225